=LDR 00000nam 2200000 4500 =001 INLIS000000000015691 =005 20130612110952 =008 ***********************************Ing** =035 ##$$0010-061300000015691 =041 ##$$a Ing =082 ##$$a 423 =090 ##$$a 423, Pas L =100 ##$$a Pasaribu, Tien =245 ##$$a Lumping The Magic Horse, Tien Pasaribu =250 ##$$a Graded Reading Series, Fiction, Strge 3 =260 ##$$a 1992 $b Jakarta =300 ##$$a 32 hlm, ils, 21 cm =650 ##$$a Bahasa Inggris-Kosakata =850 ##$$a NBPNMAT